000 00906nas a2200265 4500
001 BR0801111
003 BR-BrBNA
005 20231205111621.0
007 ta
008 230509b bl.|||p| |||| 00| 00por d
040 _aBR-BrBNA
_bpor
_cBiblioteca Nacional de Agricultura
041 _a(Pt)
072 _aL72
100 1 _aClemente, S.C. de S.
100 1 _aKnoff, M.
100 1 _aPadovani, R. do E.S.
100 1 _aLima, F.C. de L.
100 1 _aGomes, D.C.
245 1 _aCestóides trypanorhyncha parasitos de congro-rosa, Genypterus brasiliensis regan, 1903 comercializados nos municípios de Niterói e Rio de Janeiro, Brasil
650 _aRIO DE JANEIRO
650 _aCESTÓIDE
773 0 _tRevista Brasileira de Parasitologia Veterinária (Brazil)
_xISSN 0103-846X
_g(Jul-Sep 2004), v. 13(3) p. 97-102
_wBR0801111
909 _a202311
_bLúcia
_c55
_dLúcia Elande
942 _2AGRIS
_n0
_cANA
999 _c193567
_d193567